Inverse Utopia : (Record no. 14264)

000 -LEADER
fixed length control field 00431nam a22001695i 4500
003 - CONTROL NUMBER IDENTIFIER
control field OSt
005 - DATE AND TIME OF LATEST TRANSACTION
control field 20260314144631.0
008 - FIXED-LENGTH DATA ELEMENTS--GENERAL INFORMATION
fixed length control field 230418s2024 mau 000 0 eng
020 ## - INTERNATIONAL STANDARD BOOK NUMBER
International Standard Book Number 9783035627008
Qualifying information (hardcover)
042 ## - AUTHENTICATION CODE
Authentication code pcc
100 1# - MAIN ENTRY--PERSONAL NAME
Personal name Pope, Albert,
Relator term author.
245 10 - TITLE STATEMENT
Title Inverse Utopia :
Remainder of title recovering the legacy of modern urbanism /
Statement of responsibility, etc Albert Pope.
250 ## - EDITION STATEMENT
Edition statement 1.
263 ## - PROJECTED PUBLICATION DATE
Projected publication date 2404
300 ## - PHYSICAL DESCRIPTION
Extent pages cm
942 ## - ADDED ENTRY ELEMENTS (KOHA)
Source of classification or shelving scheme
Holdings
Withdrawn status Lost status Source of classification or shelving scheme Damaged status Koha normalized classification for sorting Not for loan Permanent location Current location Shelving location Date acquired Full call number Barcode Date last seen Price effective from Koha item type
        307_760000000000000_POP   BMS College of Architecture, Design and Planning BMS College of Architecture, Design and Planning General Stacks 2025-12-16 307.76 POP AR-UG5156 2026-02-10 2026-02-10 UG Books
Copyright © 2025, The Librarian, Library and Information Centre, BMSCA D&P, Bengaluru. All Rights Reserved
web counter

Powered by Koha